[Event "Frankfurt Ch 2013"]
[Site "Ffm-Kalbach, LAZ"]
[Date "2013.04.29"]
[Round "1.1"]
[White "Hoffmann, Wolfgang"]
[Black "Grünzig, Matthias"]
[Result "1-0"]
[WhiteElo "1498"]
[BlackElo "1107"]
[PlyCount "53"]
[EventDate "2013.??.??"]
[WhiteTeam "SV Oberhessen Echzell"]
[BlackTeam "TSG Nieder-Erlenbach 1888"]

1. c4 e5 2. Nc3 Nf6 3. e3 Nc6 4. d4 exd4 5. exd4 d5 6. Nf3 Bb4 7. Be2 Be6 8.
Nd2 Nxd4 9. O-O Bxc3 10. bxc3 Nxe2+ 11. Qxe2 dxc4 12. Nxc4 O-O 13. Ne3 Re8 14.
Rd1 Qe7 15. a4 c5 16. Bb2 Rad8 17. c4 Bg4 18. f3 Rxd1+ 19. Rxd1 Bd7 20. Rd3
Bxa4 21. Qd2 Bc6 22. Kf2 Nd7 23. Nf5 Qd8 24. Nxg7 Qh4+ 25. Kf1 Rf8 26. Nf5 Qd8
27. Qh6 1-0

[Event "Frankfurt Ch 2013"]
[Site "Ffm-Kalbach, LAZ"]
[Date "2013.04.29"]
[Round "1.2"]
[White "Winter, Thomas"]
[Black "Urbach, Jens"]
[Result "0-1"]
[WhiteElo "1093"]
[BlackElo "1417"]
[PlyCount "110"]
[EventDate "2013.??.??"]
[WhiteTeam "SC Steinbach"]
[BlackTeam "Sfr. Frankfurt 1921"]

1. e4 e5 2. Nf3 Nf6 3. d4 Nxe4 4. Bd3 d5 5. dxe5 Bc5 6. Bxe4 dxe4 7. Qxd8+ Kxd8
8. Ng5 Be6 9. Nxe6+ fxe6 10. Nc3 Bb4 11. Bd2 Bxc3 12. Bxc3 Nc6 13. O-O-O+ Ke7
14. Rhf1 Rhf8 15. Rde1 Rf4 16. g3 Rf3 17. Rxe4 Raf8 18. Re2 R8f5 19. Kd2 b5 20.
a3 a5 21. Ke1 b4 22. axb4 axb4 23. Bd2 Kd7 24. b3 Nd4 25. Bxb4 Nxe2 26. Kxe2
Rf7 27. Bc5 Kc6 28. Ba3 R3f5 29. f4 Rd7 30. Rf3 Rff7 31. Rc3+ Kb7 32. Ke3 Rd1
33. Bb4 Rh1 34. h4 Rd7 35. Rd3 Rf7 36. Ke4 Rc1 37. Rc3 Rd7 38. Ba3 Re1+ 39. Re3
Ra1 40. Bb2 Ra2 41. Bd4 Rxc2 42. Rf3 g6 43. g4 Rh2 44. Bf2 Rd2 45. Bg3 Rhe2+
46. Re3 Rxe3+ 47. Kxe3 Rb2 48. Ke4 Rxb3 49. Bf2 Rc3 50. f5 gxf5+ 51. Kd4 Rf3
52. gxf5 Rxf2 53. fxe6 Kc6 54. e7 Kd7 55. Kd5 Kxe7 0-1

[Event "Frankfurt Ch 2013"]
[Site "Ffm-Kalbach, LAZ"]
[Date "2013.04.29"]
[Round "1.3"]
[White "Neuhaus, Joachim"]
[Black "Fredershausen, Kurt"]
[Result "1-0"]
[WhiteElo "1389"]
[BlackElo "1085"]
[PlyCount "67"]
[EventDate "2013.??.??"]
[WhiteTeam "SC 1933 Somborn"]
[BlackTeam "SC Bad Soden"]

1. e4 e5 2. Nf3 Nf6 3. Nc3 Bb4 4. Bc4 Bxc3 5. bxc3 O-O 6. O-O d6 7. Re1 h6 8.
d4 Nc6 9. d5 Ne7 10. Bb3 Qd7 11. c4 Qd8 12. Ba3 b6 13. h3 Bd7 14. Re3 a5 15. c3
Ng6 16. Bc2 Nh5 17. Nxe5 Nf6 18. Nxg6 fxg6 19. e5 dxe5 20. Bxf8 Qxf8 21. Bxg6
Qd6 22. Qd3 Rf8 23. Rae1 Be8 24. Rxe5 Bxg6 25. Qxg6 Qc5 26. Re7 Ne8 27. Rxe8
Qxf2+ 28. Kh1 Qf4 29. Rxf8+ Qxf8 30. Re8 c5 31. Qe6+ Kh8 32. Rxf8+ Kh7 33. Qf5+
g6 34. Qf7# 1-0

[Event "Frankfurt Ch 2013"]
[Site "Ffm-Kalbach, LAZ"]
[Date "2013.04.29"]
[Round "1.4"]
[White "Peschk, Kathrin"]
[Black "Wich, Manuela"]
[Result "1-0"]
[WhiteElo "1068"]
[BlackElo "1366"]
[PlyCount "107"]
[EventDate "2013.??.??"]
[WhiteTeam "SV 1946 Groß-Gerau"]
[BlackTeam "SV 1920 Hofheim"]

1. e4 c5 2. Nc3 d6 3. f4 g6 4. Nf3 Bg7 5. Bc4 e6 6. d4 cxd4 7. Nxd4 a6 8. Be3
Nc6 9. O-O Nf6 10. Re1 O-O 11. Bf2 Qc7 12. Nxc6 Qxc6 13. Bb3 b5 14. e5 Bb7 15.
Qf3 Qxf3 16. gxf3 dxe5 17. fxe5 Nh5 18. Re3 Bh6 19. Rd3 Rfd8 20. Rad1 Bg5 21.
Be3 Rxd3 22. Rxd3 Bxe3+ 23. Rxe3 Rd8 24. Ne4 Rd1+ 25. Kg2 Nf4+ 26. Kg3 Nd5 27.
Rd3 Rxd3 28. cxd3 Ne3 29. Kf2 Nf5 30. Nc5 Bc8 31. a4 Nd4 32. Bd1 Kf8 33. axb5
axb5 34. Ke3 Nf5+ 35. Kd2 Ke8 36. Ne4 Kd8 37. Ng5 Ke7 38. Nxh7 Bb7 39. Nf6 Nh4
40. Ke3 Ng2+ 41. Kf2 Nf4 42. Ke3 Nd5+ 43. Nxd5+ Bxd5 44. f4 f6 45. d4 g5 46.
Be2 b4 47. Bf3 Kf7 48. Bxd5 exd5 49. f5 Ke7 50. Kd3 Kf7 51. Kc2 fxe5 52. dxe5
Ke7 53. Kd3 Kd7 54. Kd4 1-0

[Event "Frankfurt Ch 2013"]
[Site "Ffm-Kalbach, LAZ"]
[Date "2013.04.29"]
[Round "1.5"]
[White "Mook, Karl-Jürgen"]
[Black "Wachter, Peter"]
[Result "1-0"]
[WhiteElo "1289"]
[BlackElo "931"]
[PlyCount "67"]
[EventDate "2013.??.??"]
[WhiteTeam "Sfr. Frankfurt 1921"]
[BlackTeam "Bad Vilbeler Sfr.1985"]

1. d4 d5 2. c4 e6 3. Nc3 Nf6 4. Nf3 Bb4 5. Qc2 c5 6. e3 cxd4 7. Nxd4 e5 8. Nf3
Bxc3+ 9. Qxc3 e4 10. Nd4 O-O 11. Be2 Nc6 12. Nxc6 bxc6 13. b4 a6 14. Bb2 Rb8
15. O-O Qe7 16. a3 Rd8 17. cxd5 cxd5 18. Rfd1 Bb7 19. Qe5 Qd6 20. Qxd6 Rxd6 21.
Be5 Rbd8 22. Bxd6 Rxd6 23. Rac1 g6 24. Rc7 Rb6 25. Rdc1 Ne8 26. Rd7 Bc6 27. Ra7
Bb7 28. Rc5 Nd6 29. Rc7 Kg7 30. g3 Bc8 31. Kg2 Rb7 32. Rcxb7 Bxb7 33. Bxa6 Bxa6
34. Rxa6 1-0

[Event "Frankfurt Ch 2013"]
[Site "Ffm-Kalbach, LAZ"]
[Date "2013.04.29"]
[Round "1.6"]
[White "Dolaberidze, Nico"]
[Black "Manasek, Martin"]
[Result "0-1"]
[WhiteElo "792"]
[BlackElo "1285"]
[PlyCount "146"]
[EventDate "2013.??.??"]
[WhiteTeam "TuS Makkabi Ffm"]
[BlackTeam "Bad Vilbeler Sfr.1985"]

1. e4 e5 2. Nf3 Nc6 3. Bc4 d6 4. d3 Bg4 5. Nc3 Nf6 6. h3 Bxf3 7. Qxf3 Nd4 8.
Qd1 Be7 9. Be3 O-O 10. Bxd4 exd4 11. Nd5 Nxd5 12. exd5 Bf6 13. O-O a6 14. a4
Qd7 15. a5 Rfe8 16. Qd2 Qd8 17. c3 Re7 18. Rae1 Rxe1 19. Rxe1 Qd7 20. cxd4 Bxd4
21. b4 Re8 22. Rf1 Re5 23. Qf4 Ba7 24. d4 Rf5 25. Qh4 Rf6 26. Bd3 h6 27. Qe4
Rg6 28. Qe3 Rg5 29. Be4 f5 30. h4 Rg4 31. Bf3 Rxd4 32. g3 Qf7 33. Qe6 Qxe6 34.
dxe6 Kf8 35. Re1 Ke7 36. Bxb7 Rxb4 37. Bxa6 Ra4 38. Bc8 Rxa5 39. Rc1 Bc5 40.
Kg2 Ra2 41. Rf1 g6 42. Bd7 d5 43. Kf3 Bd6 44. Rc1 Ra3+ 45. Kg2 c5 46. Rb1 Ra7
47. Rd1 d4 48. f4 Ra2+ 49. Kf3 Ra3+ 50. Kg2 d3 51. Rd2 c4 52. Kf1 Bb4 53. Ke1
Ra1+ 54. Kf2 Bxd2 55. Bb5 Rc1 56. Bd7 Be1+ 57. Ke3 Bxg3 58. Kd2 Rc2+ 59. Kd1
Bxf4 60. Ba4 Rd2+ 61. Ke1 Re2+ 62. Kd1 Rxe6 63. Bb5 Re4 64. Bc6 Rd4 65. Bb5 Kd6
66. Be8 g5 67. hxg5 hxg5 68. Bg6 Ke5 69. Bh7 c3 70. Ke1 c2 71. Bg8 d2+ 72. Ke2
d1=Q+ 73. Kf2 Rd2# 0-1

[Event "Frankfurt Ch 2013"]
[Site "Ffm-Kalbach, LAZ"]
[Date "2013.04.29"]
[Round "1.7"]
[White "Overkamp, Rüdiger"]
[Black "Lochmann, Tobias"]
[Result "1-0"]
[WhiteElo "1248"]
[BlackElo "699"]
[PlyCount "55"]
[EventDate "2013.??.??"]
[WhiteTeam "SF Heidelberg"]
[BlackTeam "SV 1946 Groß-Gerau"]

1. e4 e5 2. f4 d6 3. Nf3 Nc6 4. Bc4 Be6 5. Bxe6 fxe6 6. O-O exf4 7. d3 d5 8.
exd5 exd5 9. Bxf4 Bc5+ 10. d4 Bb6 11. c3 Nf6 12. Qe1+ Ne7 13. Qe6 Qc8 14. Ng5
Qxe6 15. Nxe6 Ne4 16. Bxc7 Kd7 17. Bxb6 axb6 18. Nxg7 Nc6 19. Rf7+ Kd6 20. Rxb7
Rag8 21. Nf5+ Ke6 22. Rxb6 Kxf5 23. Rxc6 Rg4 24. Na3 Rhg8 25. Rf1+ Rf4 26.
Rxf4+ Kxf4 27. Nc2 Ra8 28. a3 1-0

[Event "Frankfurt Ch 2013"]
[Site "Ffm-Kalbach, LAZ"]
[Date "2013.04.29"]
[Round "1.10"]
[White "Dümmler, Rolf"]
[Black "Hartwig, Horst"]
[Result "1-0"]
[WhiteElo "1295"]
[BlackElo "1201"]
[PlyCount "107"]
[EventDate "2013.??.??"]
[WhiteTeam "TuS Makkabi Ffm"]
[BlackTeam "TuS Hausen"]

1. c4 e5 2. Nc3 Nf6 3. Nf3 Nc6 4. d4 e4 5. Ng5 Qe7 6. a3 h6 7. Nh3 Na5 8. e3 d6
9. Nf4 Bg4 10. Qa4+ Nc6 11. d5 Bd7 12. dxc6 Bxc6 13. Qd1 O-O-O 14. Nfd5 Qe5 15.
Nxf6 Qxf6 16. Qd4 Qxd4 17. exd4 d5 18. cxd5 Bxd5 19. Nxd5 Rxd5 20. Be3 f5 21.
Bc4 Rd6 22. d5 b6 23. O-O Be7 24. Rac1 Kb7 25. Rc2 g5 26. f4 g4 27. Rfc1 Rhd8
28. Bb3 Rc8 29. Rc6 Kb8 30. g3 Bf6 31. Rxd6 cxd6 32. Rxc8+ Kxc8 33. Bc1 a6 34.
Ba2 h5 35. b4 h4 36. Be3 Kb7 37. Kf2 h3 38. a4 Bc3 39. b5 a5 40. Ke2 Kc7 41.
Kd1 Kb7 42. Kc2 Bf6 43. Bc4 Kc7 44. Be2 Kb7 45. Kb3 Kc7 46. Kc4 Kb7 47. Bd4
Bxd4 48. Kxd4 Kc7 49. Bxg4 e3 50. Be2 Kd7 51. Kxe3 Ke7 52. g4 Kf6 53. g5+ Kg6
54. Kf2 1-0